El hijo del herrero : (Record no. 182192)

MARC details
000 -LEADER
campo de control de longitud fija 00831nam a2200229 i 4500
001 - NÚMERO DE CONTROL
campo de control 182192
003 - IDENTIFICADOR DE NÚMERO DE CONTROL
campo de control ES-MaACL
005 - FECHA Y HORA DE LA ÚLTIMA TRANSACCIÓN
campo de control 20251015063153.0
008 - DATOS DE LONGITUD FIJA--INFORMACIÓN GENERAL
campo de control de longitud fija 130625s2012 sp |||| | spa d
020 ## - NÚMERO INTERNACIONAL ESTÁNDAR DEL LIBRO
Número Internacional Estándar del Libro 978-84-615-1110-5
080 ## - NÚMERO DE LA CLASIFICACIÓN DECIMAL UNIVERSAL
Número de la Clasificación Decimal Universal 929 Martínez Godínez, Enrique
100 1# - ENTRADA PRINCIPAL--NOMBRE DE PERSONA
Nombre de persona Martínez, Pepa,
Fechas asociadas al nombre 1952-
9 (RLIN) 152998
245 13 - MENCIÓN DEL TÍTULO
Título El hijo del herrero :
Resto del título primer episodio de la serie : el último bastión /
Mención de responsabilidad, etc. Pepa Martínez.
250 ## - MENCION DE EDICION
Mención de edición 1ª ed.
260 ## - PUBLICACIÓN, DISTRIBUCIÓN, ETC.
Lugar de publicación, distribución, etc. Murcia :
Nombre del editor, distribuidor, etc. Asociación Memoria Histórica de Cartagena,
Fecha de publicación, distribución, etc. 2012.
300 ## - DESCRIPCIÓN FÍSICA
Extensión 335 p. :
Otras características físicas il. ;
Dimensiones 21 cm.
600 14 - PUNTO DE ACCESO ADICIONAL DE MATERIA--NOMBRE DE PERSONA
Nombre de persona Martínez Godínez, Enrique.
9 (RLIN) 152999
650 #4 - PUNTO DE ACCESO ADICIONAL DE MATERIA--TÉRMINO DE MATERIA
Término de materia o nombre geográfico como elemento de entrada Represión política-
Subdivisión geográfica España-
Subdivisión cronológica 1936-1939.
9 (RLIN) 146637
852 4# - LOCALIZACIÓN
Ubicación ES-MaACL
Número de control de estantería A-12762
itemnumber 189103
Sublocalización o colección R.148998
Ubicación en estantería Depósito 1
Signatura antigua Olim: N-5762
942 ## - ELEMENTOS DE ENTRADA SECUNDARIOS (KOHA)
Fuente del sistema de clasificación o colocación Clasificación decimal universal
Tipo de ítem Koha Libro impreso
Holdings
Estatus retirado Estado de pérdida Fuente del sistema de clasificación o colocación Estado de daño No para préstamo Biblioteca de origen Biblioteca actual Ubicación en estantería Fecha de adquisición Fuente de adquisición Total de préstamos Signatura topográfica completa Código de barras Visto por última vez Precio de reemplazo Tipo de ítem Koha
    Clasificación decimal universal     Biblioteca del Ateneo de Madrid Biblioteca del Ateneo de Madrid Depósito 1 25/06/2013 Donación   A-12762 1191463 23/02/2023 23/02/2023 Libro impreso